Countries that have won the Champions League - Sudden Death - Statistics

General Stats
  • This quiz has been taken 149 times
  • The average score is 8 of 10
Answers on the Grid
Answers color-coded by a green-red scale on the quiz's grid according to % correct below.
Germany
England
Belgium
Croatia
Denmark
Scotland
Spain
France
Greece
Italia
Monaco
Netherlands
Portugal
Czech Republic
Romania
Russia
Serbia
Sweden
Switzerland
Turkey
Ukraine
 
Answer Stats
Answer % Correct
Bayern Munich, Borussia Dortmund, Hambourg SV Germany
93%
AC Milan, Inter Milan, Juventus Italia
92%
Real Madrid, FC Barcelone, Spain
92%
Liverpool FC, Manchester United, Chelsea FC, Nottingham Forest, Manchester City, Aston Villa England
91%
Olympique de Marseille, Paris Saint-Germain France
90%
Ajax Amsterdam, Feyenoord Rotterdam, PSV Eindhoven Netherlands
89%
Benfica Lisbonne, FC Porto Portugal
80%
Celtic Glasgow Scotland
59%
Étoile rouge de Belgrade Serbia
47%
Steaua Bucarest Romania
45%
No matching quizzes found
Score Distribution
Percent of People with Each Score
Percentile by Number Answered
Your Score History
You have not taken this quiz